Recycling and recovery of plastics /
Guardado en:
| Otros Autores: | |
|---|---|
| Formato: | Libro |
| Idioma: | English German |
| Publicado: |
Munich : Cincinnati, OH :
Hanser Publishers ; Hanser/Gardner Publications,
c1996.
|
| Materias: | |
| Etiquetas: |
Agregar Etiqueta
Sin Etiquetas, Sea el primero en etiquetar este registro!
|
| LEADER | 00907pam a22002415a 4500 | ||
|---|---|---|---|
| 001 | EIQ.libpla003672 | ||
| 008 | 960819s1996####gw#a#####b####001#0#eng#d | ||
| 005 | 20080226181027.0 | ||
| 245 | 0 | 0 | |a Recycling and recovery of plastics / |c edited by Johannes Brandrup ... [et al.]. |
| 260 | |a Munich : |b Hanser Publishers ; |a Cincinnati, OH : |b Hanser/Gardner Publications, |c c1996. | ||
| 300 | |a xxxiv, 893 p. : |b il. ; |c 25 cm. | ||
| 500 | |a Título original: Wiederverwertung von Kunststoffen. | ||
| 504 | |a Incluye referencias bibliográficas e índice. | ||
| 020 | |a 3446182586 (Carl Hanser Verlag) | ||
| 020 | |a 1569902143 (Hanser/Gardner Publications) | ||
| 700 | 1 | |a Brandrup, J. | |
| 082 | 0 | 0 | |a 668.4/192 |2 20 |
| 650 | 0 | |a Plásticos |x Reciclado. | |
| 650 | 0 | |a Plastics |x Recycling. | |
| 010 | |a 96036331 | ||
| 040 | |a DLC |c DLC |d AR-BbSID | ||
| 041 | 1 | |a eng |h ger | |
| 859 | |a AR-BbSID |b BIB. PLAPIQUI |h 668.419 2 |i R 245 |p 4832 | ||
